América una equivocación / (Registro nro. 6257)

Detalles MARC
000 -LEADER
fixed length control field 01066nam a2200241Ia 4500
003 - CONTROL NUMBER IDENTIFIER
control field OSt
005 - DATE AND TIME OF LATEST TRANSACTION
control field 20201005133423.0
008 - FIXED-LENGTH DATA ELEMENTS--GENERAL INFORMATION
fixed length control field 191128s1980 ck a gr 000 0dspa d
040 ## - CATALOGING SOURCE
Original cataloging agency CO-JMCR
Transcribing agency CO-JMCR
041 0# - LANGUAGE CODE
Language code of text/sound track or separate title spa
082 04 - DEWEY DECIMAL CLASSIFICATION NUMBER
Classification number 980 /
Item number C112a
Edition number 23
100 1# - MAIN ENTRY--PERSONAL NAME
Personal name Caballero Escovar, Enríque,
Relator term autor
9 (RLIN) 11205
245 10 - TITLE STATEMENT
Title América una equivocación /
Statement of responsibility, etc. Enríque Caballero Escovar
260 ## - PUBLICATION, DISTRIBUTION, ETC.
Place of publication, distribution, etc. Bogotá :
Name of publisher, distributor, etc. Pluma,
Date of publication, distribution, etc. 1980
300 ## - PHYSICAL DESCRIPTION
Extent 269 páginas, [7] láminas sin numerar :
Other physical details ilustraciones a blanco y negro ;
Dimensions 22 cm.
490 0# - SERIES STATEMENT
Series statement Colección temas políticos y sociales
500 ## - GENERAL NOTE
General note Incluye datos biográficos del autor en solapa.
504 ## - BIBLIOGRAPHY, ETC. NOTE
Bibliography, etc. note Bibliografía: páginas 265-269
505 0# - FORMATTED CONTENTS NOTE
Formatted contents note Las ideas del mundo antiguo sobre la tierra -- Las fantasmagorías a la hoguera y la retracción de Galileo -- América una equivocación -- El papa debía estar borracho -- Metamorfosis de los descubridores en conquistadores
651 #4 - SUBJECT ADDED ENTRY--GEOGRAPHIC NAME
Geographic name América
General subdivision historia
9 (RLIN) 11206
651 #4 - SUBJECT ADDED ENTRY--GEOGRAPHIC NAME
Geographic name América
Form subdivision descubrimiento y exploraciones
General subdivision españoles
9 (RLIN) 11207
942 ## - ADDED ENTRY ELEMENTS (KOHA)
Source of classification or shelving scheme Dewey Decimal Classification
Koha item type Books
Existencias
Withdrawn status Lost status Source of classification or shelving scheme Damaged status Not for loan Collection code Home library Current library Date acquired Source of acquisition Total Checkouts Full call number Barcode Date last seen Date last checked out Copy number Koha item type
    Dewey Decimal Classification     Non-fiction Biblioteca Pública José María del Castillo y Rada Biblioteca Pública José María del Castillo y Rada 04/15/2018 Donación 1 980 / C112a 430012278 05/16/2024 08/16/2022 Ej.1 Books